Прогнозно-поисковая геохимия на рубеже XXI века (Запись № 304935)

Подробности
000 -МАРКЕР
контрольное поле 01865nam0a2200337 4500
001 - ИДЕНТИФИКАТОР ЗАПИСИ
контрольное поле RU\NLR\bibl\57825
005 - ИДЕНТИФИКАТОР ВЕРСИИ
контрольное поле 20260407050503.0
021 ## - НОМЕР ГОСУДАРСТВЕННОЙ РЕГИСТРАЦИИ
Код страны Российская Федерация
Номер 98-48482
Номер Листа государственной регистраци 2339
035 ## - ДРУГИЕ СИСТЕМНЫЕ НОМЕРА
Идентификатор записи (NLR Aleph) 000056383
100 ## - ДАННЫЕ ОБЩЕЙ ОБРАБОТКИ
Данные общей обработки 19991110d1998 |||y0rusy50 ca
101 0# - ЯЗЫК РЕСУРСА
Язык текста, звукозаписи и т.д. русский
102 ## - СТРАНА ПУБЛИКАЦИИ ИЛИ ПРОИЗВОДСТВА
Страна публикации Российская Федерация
105 ## - ПОЛЕ КОДИРОВАННЫХ ДАННЫХ: ТЕКСТОВЫЕ МАТЕРИАЛЫ, МОНОГРАФИЧЕСКИЕ
Кодированные данные о монографическом текстовом документе a |||||||||
200 1# - ЗАГЛАВИЕ И СВЕДЕНИЯ ОБ ОТВЕТСТВЕННОСТИ
Основное заглавие Прогнозно-поисковая геохимия на рубеже XXI века
Сведения, относящиеся к заглавию Сб. науч. ст.
Первые сведения об ответственности Межвед. совет по науч. основам геохим. методов поисков месторождений полез. ископаемых и др.
Последующие сведения об ответственности [Отв. ред. Э.К. Буренков]
210 ## - ПУБЛИКАЦИЯ, РАСПРОСТРАНЕНИЕ И ДР.
Место издания, распространения и т.д. М.
Имя издателя, распространителя и т. д. ИМГРЭ
Дата издания, распространения и т.д. 1998
215 ## - ФИЗИЧЕСКАЯ ХАРАКТЕРИСТИКА
Специфическое обозначение материала и объем 118 с.
Другие сведения о физической характеристике ил.
Размеры 26
300 ## - ОБЩИЕ ПРИМЕЧАНИЯ
Текст примечания В надзаг. также: Ин-т минералогии, геохимии и кристаллохимии ред. элементов, МГУ им. М.В. Ломоносова. Геол. фак. Каф. геохимии
320 ## - ПРИМЕЧАНИЯ О НАЛИЧИИ В ДОКУМЕНТЕ БИБЛИОГРАФИИ / УКАЗАТЕЛЯ
Текст примечания Библиогр. в конце ст.
600 #1 - ИМЯ ЛИЦА КАК ПРЕДМЕТ
Начальный элемент ввода Соловов
Часть имени, кроме начального элемента ввода А.П.
Даты 1908 - 1993
Расширение инициалов личного имени Александр Петрович
Системный номер авторитетной/нормативной записи 2125739
Идентификатор авторитетной/нормативной записи RU\NLR\auth\661283123
606 0# - НАИМЕНОВАНИЕ ТЕМЫ КАК ПРЕДМЕТ
Наименование темы Геологические разведки
Формальный подзаголовок Сборники
Тематический подзаголовок Геохимические методы
Системный номер авторитетной/нормативной записи 1155601
Идентификатор авторитетной/нормативной записи RU\NLR\auth\66143614
686 ## - ИНДЕКСЫ ДРУГИХ КЛАССИФИКАЦИЙ
Индекс Д443.51я43
686 ## - ИНДЕКСЫ ДРУГИХ КЛАССИФИКАЦИЙ
Индекс Д3д(2)Соловов
702 #1 - ИМЯ ЛИЦА - ВТОРИЧНАЯ ОТВЕТСТВЕННОСТЬ
Начальный элемент ввода Буренков
Часть имени, кроме начального элемента ввода Э. К.
Код отношения Редактор
712 02 - НАИМЕНОВАНИЕ ОРГАНИЗАЦИИ - ВТОРИЧНАЯ ОТВЕТСТВЕННОСТЬ
Код отношения Прочие
Начальный элемент ввода Междуведомственный совет по проблеме "Научные основы геохимических методов поисков месторождений полезных ископаемых"
Идентифицирующий признак Москва
Системный номер авторитетной/нормативной записи 536915
Идентификатор авторитетной/нормативной записи RU\NLR\AUTH\8810019513
801 #0 - ИСТОЧНИК ЗАПИСИ
Страна Российская Федерация
Организация NLR
Дата составления 19991110
Правила каталогизации PSBO
801 #1 - ИСТОЧНИК ЗАПИСИ
Страна Российская Федерация
Организация NLR
Дата составления 19991110
852 ## - МЕСТОНАХОЖДЕНИЕ И ШИФР ХРАНЕНИЯ
Идентификатор организации NLR
Шифр хранения (Call Number) 99-7/2090
942 ## - ДОПОЛНИТЕЛЬНЫЕ ЭЛЕМЕНТЫ ЗАПИСИ (АБИС)
Тип экземпляра АБИС Книга
980 ## - КОЛЛЕКЦИЯ
Название коллекции Национальная библиография
Экземпляры
Тип экземпляра Дата поступления Библиотека постоянного хранения Библиотека текущего хранения Место хранения Шифр хранения Штрих-код Статус экземпляра
Книга 26.10.2013 РНБ (Московский) РНБ (Московский) Русский книжный фонд: издания с 1957 года 99-7/2090 1-2683612